Estudi dels laboratoris municipals de la província de Barcelona / [realització a càrrec de URS Espanya, S. L. ; coordinació: Carlos Arias Abad] Carlos Arias Abad]
Descripción Física:
15, [86] p. : quadres ; 30 cm
Otros Autores:
Arias Abad, Carlos
Materias:
Laboratoris -- Barcelona (Província)
MARC
| LEADER | 00000nam a2200000Ia 4500 | ||
|---|---|---|---|
| 001 | 18343 | ||
| 008 | 160829s2004 xx 000 0 cat d | ||
| 080 | |a C-2-292 | ||
| 245 | |a Estudi dels laboratoris municipals de la província de Barcelona / [realització a càrrec de URS Espanya, S. L. ; coordinació: |b Carlos Arias Abad] | ||
| 260 | |a Barcelona : |b Diputació de Barcelona. Àrea de Salut Pública i Consum, |c 2004 | ||
| 300 | |a 15, [86] p. : |b quadres ; |c 30 cm | ||
| 650 | |a Laboratoris |x Barcelona (Província) |9 26636 | ||
| 700 | 1 | |a Arias Abad, Carlos |9 26638 | |
| 710 | |a Barcelona (Catalunya : Província). |b Àrea de Salut Pública i Consum |9 7348 | ||
| 901 | |a Arxiu | ||
| 942 | |n 1 | ||
| 952 | |0 0 |1 0 |4 0 |6 C2292 |7 1 |9 44089 |a Arxiu |b Arxiu |d 2016-12-01 |l 0 |o C-2-292 |p 18343 |r 2016-12-01 00:00:00 |w 2016-12-01 |y ARXIU | ||
| 999 | |c 46669 |d 46669 | ||